| 000 | 00751cab a2200253 4500 | ||
|---|---|---|---|
| 001 | WB3507-33 | ||
| 008 | 090401t1999 xxu||||| |||| 00| 0 eng d | ||
| 035 | _a(Sirsi) u91392 | ||
| 041 | _aeng | ||
| 245 | _aHousebuilders stash land | ||
| 260 | _c1999 | ||
| 350 | _a0 | ||
| 490 |
_aEstates Gazette _v(9906) 15 February 1999, 46(1) |
||
| 520 | _aBerkeley Homes and Barratt are preparing to spend up to £550m on boosting their landbanks to take advantage of a drop in land prices. | ||
| 650 | _aHOUSE BUILDERS | ||
| 650 | _aHOUSING DEVELOPMENT | ||
| 650 | _aLAND PRICES | ||
| 650 | _aLANDBANKS | ||
| 650 | _aNEW HOUSES | ||
| 650 | _aRESIDENTIAL DEVELOPMENT LAND | ||
| 690 | _aHOUSING-DEVELOPMENT | ||
| 942 | _n0 | ||
| 948 | _c17/02/1999 | ||
| 999 |
_c58013 _d58013 |
||